[Event "Windsor NAYCC U10 Girls"]
[Site "Windsor"]
[Date "2016.08.07"]
[Round "1.154"]
[White "Jain, Prisha"]
[Black "Zhang, Wendy"]
[Result "1-0"]
[WhiteElo "1316"]
[BlackElo "848"]
[PlyCount "61"]
[EventDate "2016.08.07"]
[EventType "swiss"]
[EventRounds "9"]
[EventCountry "CAN"]
[SourceTitle "EXT 2022"]
[Source "ChessBase"]
[SourceDate "2021.10.06"]
[SourceVersion "1"]
[SourceVersionDate "2021.10.06"]
[SourceQuality "1"]

1. e4 e5 2. Nf3 Nc6 3. d4 exd4 4. Nxd4 Nxd4 5. Qxd4 Nf6 6. e5 Ng8 7. Bc4 d6 8. 0-0 Ne7 9. Bf4 Nf5 10. Qd5 Be6 11. Qxb7 Rb8 12. Bb5+ Bd7 13. Bxd7+ Kxd7 14. Qe4 Ne7 15. Qd4 Nc6 16. Qc3 Nb4 17. b3 Nd5 18. Qh3+ Ke8 19. Bg3 Nb4 20. exd6 cxd6 21. Qf5 Rc8 22. Qb5+ Ke7 23. Re1+ Kf6 24. Bh4+ Kg6 25. Bxd8 Rxd8 26. Qxb4 d5 27. Qg4+ Kf6 28. Re3 d4 29. Qf4+ Kg6 30. Rg3+ Kh5 31. Qg5# 1-0

[Event "CAN-ch U10 Girls"]
[Site "Windsor"]
[Date "2015.07.08"]
[Round "5.116"]
[White "Guo, Hazel"]
[Black "Zhang, Wendy"]
[Result "0-1"]
[WhiteElo "1213"]
[BlackElo "483"]
[PlyCount "136"]
[EventDate "2015.07.06"]
[EventType "swiss"]
[EventRounds "7"]
[EventCountry "CAN"]
[SourceTitle "EXT 2022"]
[Source "ChessBase"]
[SourceDate "2021.10.06"]
[SourceVersion "1"]
[SourceVersionDate "2021.10.06"]
[SourceQuality "1"]

1. e4 e5 2. Nf3 Nc6 3. Bc4 Nf6 4. d3 Bc5 5. c3 0-0 6. 0-0 d6 7. Nbd2 Bg4 8. h3 Bh5 9. Re1 Nd7 10. Nf1 Qf6 11. Bg5 Qg6 12. Bh4 h6 13. Ng3 a6 14. Nf5 Nf6 15. Bd5 Rae8 16. Rc1 b5 17. Bxc6 Re6 18. d4 exd4 19. cxd4 Bb4 20. Re2 Bxf3 21. g3 Bxe2 22. Qxe2 Qh5 23. g4 Qg6 24. d5 Rxe4 25. Qxe4 Nxe4 26. Ne7+ Kh8 27. Nxg6+ fxg6 28. Rd1 Bc5 29. Rf1 Nd2 30. Re1 Nf3+ 31. Kg2 Nxh4+ 32. Kg3 Bxf2+ 33. Kh2 Rf3 34. Bb7 Bg3+ 35. Kg1 Rf2 36. Re3 Nf3+ 37. Rxf3 Rxf3 38. Bxa6 h5 39. Bxb5 hxg4 40. hxg4 Rf4 41. a4 Rxg4 42. Kf1 Be5 43. b3 Bd4 44. a5 Rf4+ 45. Kg2 g5 46. a6 g4 47. Bc6 Kh7 48. b4 Kh6 49. b5 Kh5 50. Bd7 Rf3 51. b6 Bxb6 52. Kh2 Kh4 53. Kg2 Ra3 54. Bc8 g3 55. a7 Bxa7 56. Bd7 c5 57. dxc6 Bb6 58. Be6 Rd3 59. Bc4 Rd2+ 60. Kf1 g2+ 61. Ke1 g1Q+ 62. Kxd2 Qd4+ 63. Ke1 Qb2 64. Be2 g5 65. Kf1 g4 66. Bxg4 Kxg4 67. Ke1 Kf3 68. Kd1 Ke3 0-1

[Event "CAN-ch U10 Girls"]
[Site "Windsor"]
[Date "2015.07.06"]
[Round "1.117"]
[White "Qiao, Joey"]
[Black "Zhang, Wendy"]
[Result "1-0"]
[WhiteElo "1116"]
[BlackElo "483"]
[PlyCount "129"]
[EventDate "2015.07.06"]
[EventType "swiss"]
[EventRounds "7"]
[EventCountry "CAN"]
[SourceTitle "EXT 2022"]
[Source "ChessBase"]
[SourceDate "2021.10.06"]
[SourceVersion "1"]
[SourceVersionDate "2021.10.06"]
[SourceQuality "1"]

1. e4 e5 2. Nf3 Nc6 3. Bc4 Nf6 4. Nc3 Bc5 5. 0-0 0-0 6. d3 d6 7. h3 h6 8. Be3 Bb6 9. Qd2 Be6 10. Bb3 Qd7 11. Kh2 Qe7 12. Nd5 Nxd5 13. exd5 Bd7 14. dxc6 Bxc6 15. Ng1 Qf6 16. Ne2 Qg6 17. Rg1 d5 18. d4 Qf6 19. Kh1 Qf5 20. Ng3 Qe6 21. Rge1 Qd7 22. dxe5 Qe6 23. Bxb6 cxb6 24. Rad1 a5 25. Bxd5 Qd7 26. Bxc6 Qxd2 27. Rxd2 bxc6 28. Rd6 Rac8 29. Re3 b5 30. Rc3 c5 31. Rd5 b4 32. Rcxc5 Rxc5 33. Rxc5 Rd8 34. Ne4 a4 35. Ra5 Rd1+ 36. Kh2 b3 37. axb3 axb3 38. cxb3 f5 39. exf6 gxf6 40. Nxf6+ Kg7 41. Nh5+ Kg6 42. Ng3 Rd2 43. Ra2 Rd3 44. Ra6+ Kg5 45. Ne4+ Kf5 46. Nc5 Rd2 47. Rxh6 Rxb2 48. Rb6 Ke5 49. Na4 Ke4 50. Nxb2 Kd4 51. h4 Kc5 52. h5 Kxb6 53. h6 Kb5 54. h7 Kb4 55. h8Q Kxb3 56. Qh3+ Kxb2 57. Qd3 Ka2 58. Qb5 Ka3 59. Kg3 Ka2 60. Qb4 Ka1 61. Kf3 Ka2 62. Ke3 Ka1 63. Kd3 Ka2 64. Kc3 Ka1 65. Qb2# 1-0